| 000 | 00745nam a22002537a 4500 | ||
|---|---|---|---|
| 001 | 80341 | ||
| 003 | UA-OsUOA | ||
| 005 | 20231215122440.0 | ||
| 007 | ta | ||
| 008 | 20111206b un ||||| |||| 00| 0 ukr d | ||
| 020 | _a530800367Х | ||
| 040 |
_aUA-OsUOA _bukr _cUA-OsUOA _dUA-OsUOA |
||
| 041 | _aukr | ||
| 080 | _a821.161.2 | ||
| 090 |
_a821.161.2 _bД72 |
||
| 100 | _aДрай-Хмара М. П. | ||
| 245 |
_aВибране _cМихайло Драй-Хмара ; упоряд. Д. Паламарчука |
||
| 260 |
_aК. _bДніпро _c1989 |
||
| 300 | _a542 с. | ||
| 650 | 7 |
_a82 Література. Літературознавство _2UDC |
|
| 700 | 1 |
_aПаламарчук Д. _eупоряд. |
|
| 942 |
_cBK _2udc |
||
| 955 | _a3 | ||
| 999 |
_c366660 _d366660 |
||